000 00623nab a2200181 4500
001 244442
003 OSt
005 20250930113539.0
007 tu
008 200917s2020|||||||
040 _aDE-2950
_cDE-2950
245 0 0 _aSpielraum für Investitionen
_bGeld. Die Oderstadt soll 32,6 Millionen Euro aus dem Sondervermögen bekommen. Die Finanzspritze ist bitter nötig, denn der Reparaturrückstau ist groß/
_cThomas Gutke
264 _c2025
653 _aFrankfurt (Oder)
653 _aSondervermögen
773 0 _g36. Jahrgang (2025) Nr. 216 vom 16.09.2025, S. 15 mit Foto
_tMärkische Oderzeitung
942 _2z
_cA
999 _c374019
_d374019